000 00903nam a22002177a 4500
005 20240207094246.0
008 s2545 th tha d
020 _a9747206099
040 _aNALT
041 _atha
050 _aDS588.N6 ล256ส 2545
100 0 _aลัดดาวัลย์ แซ่เซียว
245 1 0 _a200 ปี พม่าในล้านนา
260 3 _aกรุงเทพฯ :
_bโครงการอาณาบริเวณศึกษา 5 ภูมิภาค,
_c2545
300 _a181 หน้า :
_b ภาพประกอบ, แผนที่ ;
_c 21 ซม.
650 0 4 _aไทย -- ประวัติศาสตร์ -- ล้านนา
650 0 4 _aพม่า -- การเมืองและการปกครอง -- 2101--2317
650 0 4 _aล้านนา
850 _aNALT
942 _cGB
_2lcc
999 _c11605
_d11605
998 _j4576
_k นักศึกษาฝึกงาน-02